manuel laboratorio biología y química, para el 3 bachillerato : (Registro nro. 10157)

Detalles MARC
000 -LIDER
fixed length control field 01008nam a22002297a 4500
001 - NÚMERO DE CONTROL
Identificador de número de control 0000090198
003 - IDENTIFICACDOR DE NÚMERO DE CONTROL
control field DO-SdBNP
005 - DATE AND TIME OF LATEST TRANSACTION
control field 20160518094740.0
007 - CAMPOS FIJOS DE DESCRIPCIÓN FÍSICA
fixed length control field 0000090198
008 - ELEMENTOS DE LONGITUD FIJA
fixed length control field 160518b xxu||||| |||| 00| 0 spa d
020 ## - ISBN
International Standard Book Number 9789945467048
040 ## - FUENTE DE CATALOGACIÓN
Agencia que crea de manera original el registro BPMSU
Idioma de catalogación spa
Agencia que realiza la transcripción BPMSU
092 ## - LOCALLY ASSIGNED DEWEY DECIMAL CALL NUMBER
Número de clasificación xxxxxx
Número de ítem (Cutter) xxxxxx
245 00 - MENCIÓN DE TITULO
Título manuel laboratorio biología y química, para el 3 bachillerato :
Subtítulo educacion media /
246 00 - VARIACION DEL TÍTULO
Título propiamente dicho o título corto Química / biología :
Subtítulo manuel de laboratorio /
260 ## - PUBLICACIÓN, DISTRIBUCIÓN, ETC. (PIE DE IMPRENTA)
Lugar de publicación, distribución, etc Santo Domingo :
Nombre del editor, distribuidor, etc. Disesa,
300 ## - DESCRIPCIÓN FÍSICA
Extensión 45 p. :
Otros detalles físicos il. ;
Dimensiones 27 cm.
500 ## - NOTA GENERAL
Nota general Este texto está concebido y elaborado bajo los criterios y la estructura del currículo vigente para el 3 curso Bachillerato, educación media, de la Secretaria de Estado de Educación.
505 ## - NOTA DE CONTENIDO
Título Seguridad en el laboratorio --
-- Área de biología: bloque de contenidos de biología 3 de bachillerato --
-- Bloque de contenido de química y sus experimentos --
942 ## - ADDED ENTRY ELEMENTS (KOHA)
Source of classification or shelving scheme Dewey Decimal Classification
Koha item type Libros
956 ## - LOCAL ELECTRONIC LOCATION AND ACCESS (OCLC)
Método de acceso LOPEREZ
Materiales especificados 10
Enlace 20160518
Campo enlazado y núm. de secuencia BPMSU
Nombre de host 00041
Existencias
Withdrawn status Lost status Source of classification or shelving scheme Damaged status Not for loan Collection code Home library Current library Date acquired Source of acquisition Total Checkouts Barcode Date last seen Copy number Price effective from Koha item type
    Dewey Decimal Classification       Biblioteca Pública Metropolitana Salomé Ureña Biblioteca Pública Metropolitana Salomé Ureña 05/18/2016 Donación   BPMSU16050371 05/18/2016 Ej. 1 05/18/2016 Libros